|
|
|
|
| LEADER |
00759nab a2200217 i 4500 |
| 001 |
acta12321 |
| 005 |
20220609132758.0 |
| 008 |
161015s1981 hu o 0|| eng d |
| 022 |
|
|
|a 0324-721X
|
| 040 |
|
|
|a SZTE Egyetemi Kiadványok Repozitórium
|b hun
|
| 041 |
|
|
|a eng
|
| 100 |
1 |
|
|a Gergely Tamás
|
| 245 |
1 |
0 |
|a Algebraic representation of language hierarchies
|h [elektronikus dokumentum] /
|c Gergely Tamás
|
| 260 |
|
|
|c 1981
|
| 300 |
|
|
|a 307-323
|
| 490 |
0 |
|
|a Acta cybernetica
|v 5 No. 3
|
| 650 |
|
4 |
|a Természettudományok
|
| 650 |
|
4 |
|a Matematika
|
| 650 |
|
4 |
|a Számítás- és információtudomány
|
| 695 |
|
|
|a Számítástechnika, Kibernetika, Matematika
|
| 856 |
4 |
0 |
|u http://acta.bibl.u-szeged.hu/12321/1/cybernetica_005_numb_003_307-323.pdf
|z Dokumentum-elérés
|